01958nam a2200349 a 450000100100000000500170001000800410002704000250006808200150009324502630010826000960037130000280046750000220049550400740051750401030059165000420069465000460073665000240078270000460080670000360085270000350088870000400092370000530096370000480101670000360106471000990110091000370119995201270123695201120136395201180147599900150159300000218520260416135804.0090701s2008 dr 001 0 spa d aDO-SdBNPbspacBNPHU a323bA185n00aNotas sobre derechos fundamentales y su tutela por los tribunales constitucionales /cHermógenes Bienvenido Acosta de los Santos ...[et.al.]. ; prólogos Francisco Javier Díaz Revorio, María Martín Sánchez, presentación Alejandro Moscoso Segura. aSanto Domingo :bComisionado de Apoyo a la Reforma y modernización de la Justicia,c2008. axviii, 346 p. ;c23 cm. aIncluye índice. aIncluye referencias bibliográficas y notas al pie de las páginas. aIncluye bibliográfia (p.38-39), (p. 176-177), (p. 237-240), (p. 280-282), (p. 315-317), (p.346). 4aDerechos humanosxLegislación96965 0a Defensores de los derechos humanos96966 0aDerecho civil957021 aAcosta de los Santos, Hermógenes9493751 aBarquero Kepfer, Maricruz969681 aCastro Padilla, Fernando969691 aHernández Campos, Ernestina969701 aDíaz Revorio, Francisco Javier,epról.969711 aMartín Sánchez, María,epról.969721 aMoscoso Segura, Alejandro969731 aRepública Dominicana.bComisión Nacional de Ejecución de la Reforma Procesal Penal96974 aValidado. Control de calidad MFF 001054708DSaGRbGRcCTd2009-07-01iLF1l0o323 A185np2185-30r2020-06-25te. 3w2020-06-25yLFDSZPréstamo en sala 0010718PDaPDbPDcCTd2009-07-01iLF1l0o323 A185np2185-10r2020-06-25w2020-06-25yLFPDZNo se presta 0010718PDaPDbPDcCTd2009-07-01iLF1l0o323 A185np2185-20r2020-06-25te. 2w2020-06-25yLFPDZNo se presta c2033d2033